banner koha

Os cerrados vistos por seus povos: o agroextrativismo no cerrado (Registro n. 328170)

MARC details
000 -LÍDER
Campo de controle fixo 01178nam a22003737a 4500
001 - NÚMERO DE CONTROLE
Número de controle BR2024003064
003 - CÓDIGO MARC DA AGÊNCIA CATALOGADORA
Campo de controle BR-BrBNA
005 - DATA E HORA DA ÚLTIMA ATUALIZAÇÃO
Campo de controle 20241017161839.0
008 - CAMPO DE TAMANHO FIXO
Campo fixo de controle 241017b bl.||||| |||| 00| 0 por d
040 ## - FONTE DA CATALOGAÇÃO
Agência catalogadora BR-BrBNA
Idioma da catalogação por
041 ## - CÓDIGO DO IDIOMA
Código do Idioma por
072 ## - CATEGORIA AGRIS
Código da categoria de assunto/objeto <a href="F08 ; E11 ; E90">F08 ; E11 ; E90</a>
090 ## - NÚMERO DE CHAMADA
Localização na estante F08 BR2024003064
100 0# - ENTRADA PRINCIPAL - NOME PESSOAL
Nome pessoal Gonçalves, Carlos Walter Porto (org.)
110 ## - ENTRADA PRINCIPAL - ENTIDADE
Nome da entidade ou lugar Centro de Desenvolvimento Agroecológico do Cerrado, Goiânia, GO (Brasil)
9 (RLIN) 1466
245 ## - TÍTULO PRINCIPAL
Título principal Os cerrados vistos por seus povos: o agroextrativismo no cerrado
Subtítulo Convênio n. 42/2002 - Fundo Nacional do Meio Ambiente
260 ## - IMPRENTA (PUBLICAÇÃO, DISTRIBUIÇÃO, ETC.)
Lugar de publicação, distribuição, etc. Goiânia, GO (Brasil)
Data de publicação, distribuição, etc 2008
300 ## - DESCRIÇÃO FÍSICA
Extensão 300 p.
500 ## - NOTA GERAL
Notas gerais Includes several bibliographies; 12 illus.; 28 tables
650 ## - ASSUNTO - THESAGRO
Cabeçalho tópico ou nome geográfico CERRADO
650 ## - ASSUNTO - THESAGRO
Cabeçalho tópico ou nome geográfico MEIO AMBIENTE
650 ## - ASSUNTO - THESAGRO
Cabeçalho tópico ou nome geográfico POPULAÇÃO HUMANA
650 ## - ASSUNTO - THESAGRO
Cabeçalho tópico ou nome geográfico SISTEMA AGROFLORESTAL
650 ## - ASSUNTO - THESAGRO
Cabeçalho tópico ou nome geográfico AGROEXTRATIVISMO
650 ## - ASSUNTO - THESAGRO
Cabeçalho tópico ou nome geográfico BIODIVERSIDADE
650 ## - ASSUNTO - THESAGRO
Cabeçalho tópico ou nome geográfico SUSTENTABILIDADE
650 ## - ASSUNTO - THESAGRO
Cabeçalho tópico ou nome geográfico PRESERVAÇÃO DA NATUREZA
650 ## - ASSUNTO - THESAGRO
Cabeçalho tópico ou nome geográfico AGRICULTURA FAMILIAR
650 ## - ASSUNTO - THESAGRO
Cabeçalho tópico ou nome geográfico TERRITÓRIO
650 ## - ASSUNTO - THESAGRO
Cabeçalho tópico ou nome geográfico CONFLITOS AGRÁRIOS
650 ## - ASSUNTO - THESAGRO
Cabeçalho tópico ou nome geográfico SOCIOLOGIA RURAL
909 ## - IDENTIFICAÇÃO DO CATALOGADOR
Ano e mês da catalogação (aaaamm) 202410
Identificação do catalogador Fernando
942 ## - TIPO ESPECÍFICO
Tipo de material Livros
952 ## - LOCATION AND ITEM INFORMATION (KOHA)
-- 2024-10-17
Exemplares
Status de empréstimo Fonte de classificação Status de danificação Não pode ser emprestado Código da coleção Localização permanente Localização atual Localização na estante Total Checkouts Número de chamada Código de barras Tipo de material
  Classificação AGRIS     Agrobase Biblioteca Nacional de Agricultura - Binagri Biblioteca Nacional de Agricultura - Binagri Agrobase - Acervo Geral   F08 BR2024003064 2024-6229 Livros

BINAGRI

Telefone: (61)3218-2567/2388/3357/2097 - binagri@agro.gov.br

Ministério da Agricultura e Pecuária , Esplanada dos Ministérios, Bloco D, Anexo B, Brasília/DF, CEP: 70.043-900